00470nam a2200181Ia 4500003000400000005001700004008004100021020002200062040000700084041000800091082002100099100003300120245004200153260004300195300001700238365001400255650001900269OSt20230331163130.0210423s2017 xx 000 0 und d a978-93-86643-40-7 cAL aeng a336.2 223bGARG aGARG (Rakesh);GARG (Sandeep) aGST laws manual: acts rules and forms aNew DelhibBloomsbury Publishingc2017 axxi,1146bPB b1495cINR aPublic Finance